[Event "41 Abierto de Mar del Plata"]
[Site "Mar del Plata, ARG"]
[Date "2010.03.28"]
[Round "2.04"]
[White "Cubas, Jose Fernando"]
[Black "Pichot, Alan"]
[Result "1/2-1/2"]
[WhiteElo "2460"]
[BlackElo "2137"]

1. d4 c5 2. d5 Nf6 3. Nf3 g6 4. Nc3 d6 5. g3 Bg7 6. Bg2 O-O 7. O-O Na6 8. Nd2
Nc7 9. a4 b6 10. Nc4 Rb8 11. Re1 a6 12. e4 b5 13. axb5 axb5 14. Na5 Bd7 15.
e5 dxe5 16. d6 exd6 17. Qxd6 b4 18. Ne4 Nb5 19. Qxc5 Nxe4 20. Bxe4 Nd4 21. c3
Ne6 22. Qa7 Qc8 23. Be3 f5 24. Bb7 Qe8 25. cxb4 f4 26. Bc5 Nxc5 27. Qxc5 Kh8
28. Rad1 Qf7 29. Rxe5 fxg3 30. hxg3 Bg4 31. Rde1 Bh3 32. Re7 Qf6 33. Bg2
Rbc8 34. Qe3 Bxg2 35. Kxg2 Qxb2 36. Re4 Rc3 37. Qb6 Rc2 38. Rf4 Rxf4 39. gxf4
Bf6 40. Re8+ Kg7 41. Qa7+ Kh6 42. Qe3 Bh4 43. f5+ Bg5 44. Qh3+ Kg7 45. Qg3 Qd4
1/2-1/2

[Event "41 Abierto de Mar del Plata"]
[Site "Mar del Plata, ARG"]
[Date "2010.03.28"]
[Round "2.05"]
[White "Fernandez, Maria Florencia"]
[Black "Slipak, Sergio"]
[Result "0-1"]
[WhiteElo "2097"]
[BlackElo "2448"]

1. d4 d5 2. c4 dxc4 3. Nf3 Nf6 4. e3 Bg4 5. Bxc4 e6 6. O-O a6 7. Be2 Nc6 8.
a3 Bd6 9. Nc3 O-O 10. b4 Nd5 11. Ne4 f5 12. Nxd6 cxd6 13. Bb2 Qd7 14. Nd2 Bxe2
15. Qxe2 b5 16. f3 Nb6 17. Rac1 d5 18. Nb3 Nc4 19. Nc5 Qf7 20. Ra1 a5 21.
Bc3 a4 22. e4 fxe4 23. fxe4 Qg6 24. Rfe1 Rac8 25. Nd7 Rf4 26. exd5 exd5 27. Rf1
Qe4 28. Qh5 Ne3 29. Rf3 Nxd4 30. Bxd4 Qxd4 31. Qe5 Qxe5 32. Nxe5 Rxf3 33.
Nxf3 Rc4 34. Ne5 Rc3 35. Kf2 Nf5 36. g4 Nd6 37. Rd1 Ne4+ 38. Kg2 Rc2+ 39. Kg1
Nc3 40. Rd3 Ne2+ 41. Kf1 Nf4 42. Rd4 g5 43. h4 h6 44. hxg5 hxg5 45. Nf3 Nh3
46. Nd2 Rc3 47. Rxd5 Rc1+ 0-1

[Event "41 Abierto de Mar del Plata"]
[Site "Mar del Plata, ARG"]
[Date "2010.03.28"]
[Round "2.06"]
[White "Perez Ponsa, Federico"]
[Black "Bianchi, Albino"]
[Result "1-0"]
[WhiteElo "2440"]
[BlackElo "2119"]

1. e4 c5 2. Nc3 Nc6 3. Nf3 d6 4. d4 cxd4 5. Nxd4 Nf6 6. Bg5 e6 7. Qd2 a6 8.
O-O-O Bd7 9. f4 Qc7 10. Be2 b5 11. Bxf6 gxf6 12. Bh5 Na5 13. f5 Nc4 14. Qe2
Bh6+ 15. Kb1 O-O 16. Bxf7+ Rxf7 17. fxe6 Bxe6 18. Nxe6 Qc8 19. Nd4 Raa7 20. Nd5
Ne5 21. Rhf1 Qd8 22. Nf5 Bf8 23. Qe3 Rab7 24. g4 b4 25. Rg1 Nc4 26. Qd4 Ne5
27. Rg3 h6 28. h4 Rh7 29. Rdg1 Kf7 30. Nf4 Rb5 31. Nd3 Qc7 32. Nxe5+ dxe5 33.
Qd3 Ke8 34. Qb3 Rd7 35. Qe6+ Be7 36. Nxh6 1-0

[Event "41 Abierto de Mar del Plata"]
[Site "Mar del Plata, ARG"]
[Date "2010.03.28"]
[Round "2.07"]
[White "Mayo, Raul"]
[Black "Goldwaser, Christian"]
[Result "0-1"]
[WhiteElo "2137"]
[BlackElo "2423"]

1. e4 e6 2. d4 d5 3. Nc3 Bb4 4. e5 c5 5. a3 Bxc3+ 6. bxc3 Nc6 7. a4 Qa5 8.
Bd2 Bd7 9. Nf3 c4 10. h4 O-O-O 11. g3 f6 12. Bh3 h6 13. h5 Nge7 14. exf6 gxf6
15. O-O e5 16. Bxd7+ Rxd7 17. Re1 e4 18. Nh4 f5 19. Ra3 Nd8 20. Bf4 Qb6 21.
Qb1 Qxb1 22. Rxb1 Ne6 23. Be3 Ng7 24. Ng6 Nxg6 25. hxg6 Ne6 26. a5 Rg8 27. Bxh6
Rxg6 28. Bd2 f4 29. a6 fxg3 30. axb7+ Rxb7 31. Rxb7 Kxb7 32. Ra5 gxf2+ 33.
Kxf2 Rf6+ 34. Ke2 Nc7 35. Ra1 Nb5 36. Rh1 a5 37. Rh5 Kc6 38. Rh8 Rf7 39. Rh6+
Kb7 40. Rh5 Rd7 41. Ke3 a4 42. Kf4 a3 43. Ke5 a2 44. Rh1 Kc6 45. Ra1 Ra7 46.
Kf4 Kd6 47. Ke3 Ke6 48. Kf4 Nd6 49. Bc1 Rf7+ 50. Ke3 Nf5+ 51. Ke2 Rh7 52.
Rxa2 Rh2+ 53. Kd1 Rh1+ 0-1

[Event "41 Abierto de Mar del Plata"]
[Site "Mar del Plata, ARG"]
[Date "2010.03.28"]
[Round "2.08"]
[White "Tristan, Leonardo"]
[Black "Daneri, Martin"]
[Result "1-0"]
[WhiteElo "2394"]
[BlackElo "2098"]

1. e4 e6 2. d4 d5 3. Nd2 Be7 4. Bd3 c5 5. dxc5 Nf6 6. Qe2 Nc6 7. Ngf3 Nb4 8.
e5 Nd7 9. O-O O-O 10. a3 Nxd3 11. cxd3 Nxc5 12. d4 Nd7 13. Re1 a5 14. g3 b6
15. h4 Ba6 16. Qe3 h6 17. Nf1 Bxf1 18. Kxf1 Qc7 19. Bd2 Qc4+ 20. Kg2 Rfc8 21.
Bc3 Rc6 22. g4 Rac8 23. h5 Qa6 24. a4 Bb4 25. Bxb4 axb4 26. g5 Kh7 27. Qf4
Rf8 28. Re3 Rcc8 29. Rae1 Qxa4 30. gxh6 gxh6 31. Nh2 f5 32. Rg3 Rg8 33. Rxg8
Kxg8 34. Qxh6 Nf8 35. Re3 f4 36. Qxf4 Rc7 37. Rg3+ Rg7 38. h6 1-0

[Event "41 Abierto de Mar del Plata"]
[Site "Mar del Plata, ARG"]
[Date "2010.03.28"]
[Round "2.09"]
[White "Sandoval, Teofilo"]
[Black "Claverie, Raul"]
[Result "0-1"]
[WhiteElo "2119"]
[BlackElo "2395"]

1. d4 f5 2. Nf3 Nf6 3. c4 g6 4. Nc3 Bg7 5. b3 O-O 6. Bb2 d6 7. Qc2 Nc6 8. d5
Nb4 9. Qc1 a5 10. g3 Bd7 11. a3 Na6 12. Bg2 c6 13. O-O Rc8 14. Nd2 h6 15. h3
g5 16. Qc2 Rc7 17. Kh2 Qe8 18. dxc6 bxc6 19. e4 f4 20. gxf4 gxf4 21. Bf3 Nc5
22. Rg1 Ne6 23. Ne2 Ng5 24. Nxf4 e5 25. Rxg5 hxg5 26. Ne2 g4 27. hxg4 Bxg4
28. Ng3 Bh6 29. Bg2 Rh7 30. Rh1 Bxd2+ 31. Kg1 Rxh1+ 32. Bxh1 Bf4 33. Bc1 Bxg3
34. fxg3 Qh5 35. Qd3 Be2 36. Qd2 Nxe4 0-1

[Event "41 Abierto de Mar del Plata"]
[Site "Mar del Plata, ARG"]
[Date "2010.03.28"]
[Round "2.10"]
[White "Piscicelli, Daniel"]
[Black "De Luca, Christian"]
[Result "1-0"]
[WhiteElo "2363"]
[BlackElo "2110"]

1. d4 e6 2. c4 Nf6 3. g3 d5 4. Bg2 dxc4 5. Nf3 a6 6. O-O c5 7. dxc5 Qxd1 8.
Rxd1 Bxc5 9. Ne5 Ra7 10. Nxc4 Ke7 11. b4 b5 12. bxc5 bxc4 13. Bf4 e5 14. Bxe5
Bf5 15. Nc3 Rc8 16. Bd6+ Ke8 17. e4 Bg4 18. Rdb1 Nc6 19. e5 Nd7 20. Nd5 c3
21. Nxc3 Nd4 22. Rb7 Rxb7 23. Bxb7 Rxc5 24. Bxc5 Nxc5 25. Bd5 Nd3 26. f4 1-0

[Event "41 Abierto de Mar del Plata"]
[Site "Mar del Plata, ARG"]
[Date "2010.03.28"]
[Round "2.11"]
[White "Fernandez, Cesar Luis"]
[Black "Barreto Filho, Carlos Alberto"]
[Result "0-1"]
[WhiteElo "2111"]
[BlackElo "2362"]

1. e4 c5 2. Nf3 d6 3. c3 Nf6 4. e5 dxe5 5. Nxe5 Nbd7 6. Bb5 e6 7. O-O Be7 8.
d4 cxd4 9. Qxd4 O-O 10. Nxd7 Bxd7 11. Bxd7 Qxd7 12. Be3 Qc6 13. Nd2 Nd5 14.
Nb3 Nxe3 15. Qxe3 Rfd8 16. Rad1 Qa4 17. Rxd8+ Rxd8 18. Nc1 Qc2 19. b3 b6 20.
g3 h6 21. a4 Bg5 22. f4 Bf6 23. Ne2 Qxb3 24. a5 Qb5 25. axb6 axb6 26. Nd4 Bxd4
27. cxd4 Qd5 28. Rd1 b5 29. Qd3 b4 30. Rd2 Ra8 31. Qb1 b3 32. Rd3 Ra2 0-1

[Event "41 Abierto de Mar del Plata"]
[Site "Mar del Plata, ARG"]
[Date "2010.03.28"]
[Round "2.12"]
[White "Leskovar, Mario"]
[Black "Merlo, Carlos"]
[Result "1-0"]
[WhiteElo "2357"]
[BlackElo "2094"]

1. e4 g6 2. d4 Bg7 3. Nc3 d6 4. Be3 a6 5. Qd2 h6 6. a4 b6 7. Nf3 e6 8. Bc4
Ne7 9. O-O Nd7 10. h3 Bb7 11. Rfe1 Nf6 12. Bf4 g5 13. Bh2 g4 14. hxg4 Nxg4 15.
Bg3 Ng6 16. Nh2 h5 17. Nxg4 hxg4 18. Kf1 Qf6 19. Ke2 Qxd4 20. Qxd4 Bxd4 21.
Kd2 O-O-O 22. Bd3 Ne5 23. Nd1 Nxd3 24. Kxd3 c5 25. Ne3 d5 26. exd5 Bxd5 27.
Nxd5 Rxd5 28. c4 Rdd8 29. Kc2 Rhe8 30. a5 Kb7 31. Ra3 e5 32. Rb3 Rd6 33. Rh1
Red8 34. Rh7 R8d7 35. Rg7 b5 36. Rxg4 Kc6 37. Rg8 Rd8 38. Rxd8 Rxd8 39. cxb5+
axb5 40. Rf3 Rd7 41. Rf6+ Kd5 42. Rb6 Kc4 43. a6 Ra7 44. f4 e4 45. f5 e3 46.
b3+ Kd5 47. Bb8 Ra8 48. a7 b4 49. Kd3 Be5 50. Rb7 f6 51. Rb6 e2 52. Kxe2 Ke4
53. g4 Kf4 54. Rxf6 Bxb8 55. axb8=Q+ Rxb8 56. Rc6 Kxg4 57. Rxc5 Kf4 58. Kd3
Re8 59. f6 Re3+ 60. Kc4 Re4+ 61. Kb5 Ke3 62. Rf5 Re8 63. Kxb4 Kd4 64. Rf1 Rf8
65. Kb5 Ke5 66. Kc6 Ke6 67. f7 Rc8+ 68. Kb7 Rf8 69. Kc7 Ke7 70. b4 Ke6 71. b5
Ke7 72. b6 Ke6 73. b7 1-0

[Event "41 Abierto de Mar del Plata"]
[Site "Mar del Plata, ARG"]
[Date "2010.03.28"]
[Round "2.13"]
[White "Ferraro, Hugo"]
[Black "De Dovitiis, Alejo"]
[Result "0-1"]
[WhiteElo "2098"]
[BlackElo "2355"]

1. d4 Nf6 2. c4 e6 3. Nf3 d5 4. cxd5 exd5 5. g3 c6 6. Bg2 Bf5 7. O-O Be7 8.
Nc3 h6 9. Re1 O-O 10. a3 Nbd7 11. Nd2 Qb6 12. e4 dxe4 13. Ndxe4 Rfe8 14. b4
Nxe4 15. Nxe4 Nf6 16. Bb2 Nxe4 17. Bxe4 Bxe4 18. Rxe4 Bf6 19. Qe2 Rxe4 20. Qxe4
a5 21. Qe1 Rd8 22. Bc3 axb4 23. Rb1 c5 24. Ba1 Bxd4 25. Bxd4 Rxd4 26. Qe8+
Kh7 27. axb4 Rxb4 28. Rxb4 cxb4 29. Qxf7 b3 30. Qf5+ Qg6 0-1

[Event "41 Abierto de Mar del Plata"]
[Site "Mar del Plata, ARG"]
[Date "2010.03.28"]
[Round "2.14"]
[White "Quiroga, Facundo"]
[Black "Airoli, Alejandro Hernan"]
[Result "1-0"]
[WhiteElo "2334"]
[BlackElo "2070"]

1. d4 Nf6 2. c4 e6 3. Nc3 d5 4. Bg5 Be7 5. e3 c5 6. cxd5 Nxd5 7. Bxe7 Qxe7 8.
Nxd5 exd5 9. dxc5 Qxc5 10. Rc1 Qa5+ 11. Qd2 Qxd2+ 12. Kxd2 O-O 13. Nf3 Nd7
14. Nd4 Nf6 15. Bd3 a6 16. Rc7 Ne4+ 17. Bxe4 dxe4 18. Rhc1 Rd8 19. Re7 Be6 20.
Rxb7 h6 21. b3 Rd6 22. Rc6 Rxd4+ 23. exd4 Bd5 24. Rbc7 Bxc6 25. Rxc6 f5 26.
Ke3 Kf7 27. d5 a5 28. Kf4 a4 29. b4 g6 30. Ke5 Re8+ 31. Re6 Rc8 32. Rf6+ Kg7
33. Rc6 Re8+ 34. Re6 Rc8 35. d6 a3 36. d7 Rd8 37. Re7+ Kf8 38. Kd6 Rb8 39.
Re5 Kf7 40. Kc7 1-0

[Event "41 Abierto de Mar del Plata"]
[Site "Mar del Plata, ARG"]
[Date "2010.03.28"]
[Round "2.15"]
[White "Judewicz, Alejandro"]
[Black "Barrionuevo, Pablo"]
[Result "1-0"]
[WhiteElo "2058"]
[BlackElo "2327"]

1. e4 d6 2. Nf3 Nf6 3. Nc3 g6 4. d4 Bg7 5. h3 O-O 6. Be2 a6 7. a4 b6 8. Bf4
Bb7 9. e5 Ne8 10. O-O d5 11. b4 c6 12. a5 b5 13. Qd2 Nc7 14. Bh6 Ne6 15. Bxg7
Kxg7 16. Nd1 Bc8 17. Nh2 f6 18. f4 fxe5 19. fxe5 Rxf1+ 20. Bxf1 Qf8 21. Ra3
Qf4 22. Qxf4 Nxf4 23. Rf3 Ne6 24. c3 Ng5 25. Rf4 Be6 26. h4 Nf7 27. g4 c5 28.
dxc5 Nc6 29. Ne3 Nfxe5 30. Nf3 Nxf3+ 31. Rxf3 Bf7 32. Bg2 Bg8 33. Rf1 Rd8 34.
Rd1 e6 35. g5 Ne5 36. Rd4 Rf8 37. Rd1 Rf4 38. Rd4 Nf3+ 39. Bxf3 Rxf3 40. Nd1
e5 41. Rd2 Be6 42. Kg2 e4 43. c6 Bh3+ 44. Kh2 Be6 45. Kg2 Rf7 46. Ne3 Rc7
47. Nxd5 Rxc6 48. Nf4 Bg4 49. Kg3 Bf5 50. Ne2 h6 51. Kf4 hxg5+ 52. hxg5 Kf7 53.
Rd8 Ke7 54. Rb8 Kd6 55. Rd8+ Kc7 56. Rf8 Rc4 57. Rf6 Kb7 58. Rb6+ Ka7 59.
Nd4 e3 60. Kxe3 Rxc3+ 61. Kf4 Bd7 62. Rxg6 Kb7 63. Rh6 Kc7 64. g6 Rc4 65. Ke5
Rc1 66. Rh7 Re1+ 67. Kf6 Rf1+ 68. Kg7 Rd1 69. Ne6+ Kc8 70. Rh8+ Kb7 71. Rd8
1-0

[Event "41 Abierto de Mar del Plata"]
[Site "Mar del Plata, ARG"]
[Date "2010.03.28"]
[Round "2.16"]
[White "Lopez, Pablo"]
[Black "Contin, Daniel"]
[Result "0-1"]
[WhiteElo "2058"]
[BlackElo "2309"]

1. e4 e6 2. d4 d5 3. exd5 exd5 4. Bd3 c5 5. c3 Nf6 6. Nf3 Bg4 7. O-O cxd4 8.
Re1+ Be7 9. Qa4+ Bd7 10. Qxd4 Nc6 11. Qh4 Ne4 12. Ng5 h6 13. f3 Qb6+ 14. Be3
Bxg5 15. Qxg5 Qxb2 16. Qh4 g5 17. Bc1 Qb6+ 18. Be3 Qb2 19. Bc1 Qxc1 20. Rxc1
gxh4 21. fxe4 Ne5 22. Bc2 Rg8 23. Nd2 Bh3 24. g3 O-O-O 25. exd5 hxg3 26. c4
Kc7 27. Re1 f6 28. Be4 b6 29. Rac1 Kd6 30. hxg3 Rxg3+ 31. Kh2 Ra3 32. Nb3 Bc8
33. Rc2 Re8 34. Bg2 Ng4+ 0-1

[Event "41 Abierto de Mar del Plata"]
[Site "Mar del Plata, ARG"]
[Date "2010.03.28"]
[Round "2.17"]
[White "Landriel, Mario"]
[Black "Fernandez, Jorge Daniel"]
[Result "1-0"]
[WhiteElo "2309"]
[BlackElo "2050"]

1. c4 c5 2. Nf3 Nf6 3. e3 d5 4. d4 cxd4 5. exd4 e6 6. Nc3 Nc6 7. c5 Be7 8.
Bb5 O-O 9. O-O Ne4 10. Bf4 Nxc3 11. bxc3 Na5 12. Rb1 Bd7 13. Bd3 b6 14. cxb6
axb6 15. Ne5 Nc4 16. Nxc4 dxc4 17. Bxc4 Qc8 18. Qd3 Ra4 19. Bb3 Ra5 20. Be5 Rd8
21. Qg3 1-0

[Event "41 Abierto de Mar del Plata"]
[Site "Mar del Plata, ARG"]
[Date "2010.03.28"]
[Round "2.18"]
[White "Ponzo, Fabian Alejandro"]
[Black "Ramirez, Emilio Felix"]
[Result "0-1"]
[WhiteElo "2027"]
[BlackElo "2288"]

1. c4 Nf6 2. Nc3 e5 3. Nf3 d6 4. g3 g6 5. Bg2 Bg7 6. O-O O-O 7. d3 Nc6 8. Rb1
a5 9. a3 Nh5 10. b4 axb4 11. axb4 f5 12. Nd5 h6 13. b5 Ne7 14. b6 c6 15.
Nxe7+ Qxe7 16. Nh4 Kh7 17. e4 f4 18. Nf5 gxf5 19. Qxh5 Qg5 20. Qxg5 hxg5 21. Bb2
Ra6 22. Bc3 g4 23. Rfd1 f3 24. Bf1 c5 25. Rb3 Bd7 26. Rdb1 Kg6 27. Ra1 Rfa8
28. Rxa6 Rxa6 29. h3 Bf6 30. Kh2 Bd8 31. exf5+ Bxf5 32. hxg4 Bxg4 33. Bh3 Kf5
34. Bd2 Ra2 35. Be3 Bg5 36. d4 cxd4 37. Bxd4 Bxh3 38. Bxe5 Bg2 39. Bb2 Ra4
40. Rd3 Ke6 41. Ba3 Be7 42. g4 Rxc4 43. Kg3 Rc6 44. Rb3 Bf6 45. Bb2 Bd8 46.
Bd4 Rc4 47. Be3 d5 48. g5 Kf5 49. Rb5 Rg4+ 50. Kh2 Rh4+ 0-1

[Event "41 Abierto de Mar del Plata"]
[Site "Mar del Plata, ARG"]
[Date "2010.03.28"]
[Round "2.19"]
[White "Languidey, Simon Alejandro"]
[Black "Beckerman, Marcelo"]
[Result "0-1"]
[WhiteElo "2273"]
[BlackElo "2052"]

1. e4 c5 2. Nc3 Nc6 3. g3 g6 4. Bg2 Bg7 5. d3 Nf6 6. Nge2 O-O 7. O-O Rb8 8.
f4 d6 9. h3 Bd7 10. Be3 b5 11. Qd2 b4 12. Nd1 a5 13. g4 Qb6 14. Ng3 Bxg4 15.
hxg4 Nxg4 16. Kh1 Nxe3 17. Nxe3 Qd8 18. c3 e5 19. Ne2 Qh4+ 20. Kg1 h5 21. f5
Bh6 22. Rf3 bxc3 23. bxc3 Nd4 24. Rh3 Qxh3 25. Bxh3 Nf3+ 26. Kf2 Nxd2 27. Nd5
Rb1 28. Rxb1 Nxb1 29. f6 Rb8 30. Ne7+ Kf8 31. Nc8 Rb2 32. Nxd6 Nxc3 33. Bf1
Bg5 34. Nc4 Rxa2 35. Nxe5 Bxf6 0-1

[Event "41 Abierto de Mar del Plata"]
[Site "Mar del Plata, ARG"]
[Date "2010.03.28"]
[Round "2.20"]
[White "Lo Presti, Roberto"]
[Black "Zamorano, Jorge Adrian"]
[Result "0-1"]
[WhiteElo "2028"]
[BlackElo "2264"]

1. e4 d6 2. d4 Nf6 3. Nc3 g6 4. f4 Bg7 5. Nf3 O-O 6. e5 Nfd7 7. h4 c5 8. h5
cxd4 9. hxg6 dxc3 10. gxf7+ Rxf7 11. Ng5 cxb2 12. Bc4 Nxe5 13. Qh5 Qa5+ 14.
Kf1 e6 15. Qxh7+ Kf8 16. Nxf7 bxa1=Q 0-1

[Event "41 Abierto de Mar del Plata"]
[Site "Mar del Plata, ARG"]
[Date "2010.03.28"]
[Round "2.22"]
[White "Greco, Robertino"]
[Black "Dimuro, Matias"]
[Result "0-1"]
[WhiteElo "2046"]
[BlackElo "2250"]

1. e4 c5 2. Nf3 d6 3. d4 cxd4 4. Nxd4 Nf6 5. Nc3 Nc6 6. Bc4 e6 7. Bb3 a6 8.
O-O Be7 9. f4 O-O 10. Be3 Nxd4 11. Bxd4 b5 12. e5 dxe5 13. fxe5 Nd7 14. Qe2
Bb7 15. Rxf7 Rxf7 16. Bxe6 Nf8 17. Bxf7+ Kxf7 18. Qg4 Kg8 19. Rf1 h5 20. Qf4
Qe8 21. Qf5 Rd8 0-1

[Event "41 Abierto de Mar del Plata"]
[Site "Mar del Plata, ARG"]
[Date "2010.03.28"]
[Round "2.23"]
[White "Evans, Pablo"]
[Black "Paveto, Kevin"]
[Result "1-0"]
[WhiteElo "2043"]
[BlackElo "2234"]

1. e4 e5 2. Nf3 Nc6 3. d4 exd4 4. Nxd4 Nf6 5. Nxc6 bxc6 6. Bd3 d5 7. e5 Ng4
8. O-O Qh4 9. Bf4 Bc5 10. Bg3 Qg5 11. Nd2 O-O 12. Nf3 Qh5 13. Qd2 f6 14. Qc3
Bb6 15. Qxc6 Rb8 16. h3 Nh6 17. Rae1 Bb7 18. Qa4 f5 19. Qh4 Qg6 20. e6 Rf6 21.
Ne5 Qe8 22. Nd7 Rg6 23. Nxb8 Qxb8 24. Bb5 1-0

[Event "41 Abierto de Mar del Plata"]
[Site "Mar del Plata, ARG"]
[Date "2010.03.28"]
[Round "2.25"]
[White "Altamirano, Benjamin"]
[Black "Ciruzzi, Luciano"]
[Result "1-0"]
[WhiteElo "2221"]
[BlackElo "2000"]

1. d4 Nf6 2. Bg5 d5 3. Bxf6 exf6 4. e3 Be7 5. Bd3 a6 6. Qf3 g6 7. Ne2 f5 8.
c4 dxc4 9. Bxc4 c6 10. Nbc3 O-O 11. Rd1 b5 12. Bb3 Bb7 13. h4 Nd7 14. h5 Kg7
15. Qh3 Rh8 16. Nf4 Nf6 17. h6+ Kg8 18. Nd3 Nd7 19. O-O Bd6 20. Rfe1 Qg5 21.
e4 c5 22. dxc5 Nxc5 23. Nxc5 Bxc5 24. Rd7 1-0

[Event "41 Abierto de Mar del Plata"]
[Site "Mar del Plata, ARG"]
[Date "2010.03.28"]
[Round "2.26"]
[White "Dominguez, Diego"]
[Black "Tobares, Leandro Oscar"]
[Result "0-1"]
[WhiteElo "2019"]
[BlackElo "2219"]

1. Nf3 Nf6 2. g3 b6 3. Bg2 Bb7 4. d3 g6 5. O-O Bg7 6. e4 d6 7. c3 O-O 8. Nh4
e5 9. f4 Nbd7 10. f5 d5 11. Bg5 dxe4 12. Bxe4 Bxe4 13. dxe4 Nc5 14. Nd2 Qd3
15. Rf3 Qb5 16. Qc2 Qe2 17. Re3 Qg4 18. Bxf6 Bxf6 19. Ndf3 Bg5 20. Nxg5 Qxg5
21. Qe2 Rad8 22. Nf3 Qe7 23. g4 Qd6 24. Qc4 b5 25. Qxb5 Rb8 26. Qe2 Qb6 27.
Nxe5 Qxb2 28. Re1 Rfe8 29. Nc6 Qxe2 30. R1xe2 Rb1+ 31. Kg2 Rd1 32. Nb4 Red8 33.
e5 R8d2 34. e6 fxe6 35. fxe6 Kf8 36. e7+ Ke8 37. Nc6 Rxe2+ 38. Rxe2 Rd6 39.
Nxa7 Ne6 40. Rf2 g5 41. Nb5 Rc6 42. Rc2 Kxe7 43. Re2 Kd7 44. Rc2 Nf4+ 45. Kf2
Rh6 46. Ke1 Rh4 47. Rd2+ Kc8 48. a4 Rxg4 49. Kd1 Rg1+ 50. Kc2 Ra1 51. Kb3
Ne6 52. Na3 Nc5+ 53. Kb4 Ne4 54. Rc2 h5 55. c4 c5+ 56. Kb3 Re1 57. a5 Re3+ 58.
Kb2 Kb7 59. Nb5 Ka6 60. Nc7+ Kxa5 61. Nd5 Rd3 62. Kb1 Rd1+ 63. Kb2 g4 64. Nf4
h4 65. Re2 Rd2+ 66. Kb3 Rxe2 67. Nxe2 Nd2+ 68. Kc3 Nf3 0-1

[Event "41 Abierto de Mar del Plata"]
[Site "Mar del Plata, ARG"]
[Date "2010.03.28"]
[Round "2.27"]
[White "Penafiel, Horacio"]
[Black "Davis, Alfredo"]
[Result "1-0"]
[WhiteElo "2215"]
[BlackElo "1998"]

1. d4 Nf6 2. c4 e6 3. Nc3 d5 4. cxd5 exd5 5. Bg5 Nbd7 6. e3 Be7 7. Bd3 h6 8.
Bf4 O-O 9. h3 c6 10. Qc2 Re8 11. Nf3 Nf8 12. O-O Be6 13. Ne5 Rc8 14. Bh2 c5
15. f4 cxd4 16. exd4 Qb6 17. Qf2 N8d7 18. Kh1 Nxe5 19. fxe5 Nh7 20. Rad1 Nf8
21. Bf4 Ng6 22. Bc1 a5 23. Qg3 Bh4 24. Qf3 Qd8 25. Qh5 Kh7 26. Ne2 Bg5 27. Nf4
Rxc1 28. Bxg6+ fxg6 29. Qxg6+ Kh8 30. Nxe6 Rxe6 31. Qxe6 Rxd1 32. Rxd1 Bf4
33. Qg4 Be3 34. Qf3 Bg5 35. Rf1 b5 36. Qf8+ Qxf8 37. Rxf8+ Kh7 38. e6 Kg6 39.
g4 a4 40. Rf5 1-0

[Event "41 Abierto de Mar del Plata"]
[Site "Mar del Plata, ARG"]
[Date "2010.03.28"]
[Round "2.28"]
[White "Tokman, Ariel"]
[Black "Casares, Luis Alberto"]
[Result "1-0"]
[WhiteElo "2205"]
[BlackElo "1993"]

1. c4 Nf6 2. Nc3 e6 3. d4 d5 4. cxd5 exd5 5. Bg5 Be7 6. e3 O-O 7. Qc2 Nbd7 8.
Bd3 Re8 9. Nf3 Nf8 10. O-O c6 11. Rab1 a5 12. Rfe1 Ne4 13. Bxe7 Qxe7 14.
Bxe4 dxe4 15. Nd2 f5 16. Na4 Nd7 17. Rbc1 Nf6 18. Qc5 Qf7 19. Nb6 Nd7 20. Nxd7
Bxd7 21. Nc4 Qe7 22. Qxe7 Rxe7 23. Ne5 Be6 24. a3 a4 25. Rc5 Bd5 26. Rec1 g5
27. h3 Ra6 28. R1c2 Rg7 29. Rxd5 1-0

[Event "41 Abierto de Mar del Plata"]
[Site "Mar del Plata, ARG"]
[Date "2010.03.28"]
[Round "2.29"]
[White "Sanduay, Nicolas"]
[Black "Virgillito, Cristian"]
[Result "1/2-1/2"]
[WhiteElo "2027"]
[BlackElo "2221"]

1. e4 c5 2. d3 Nc6 3. Nc3 e6 4. g3 d6 5. Bg2 g6 6. f4 Bg7 7. Nh3 Nge7 8. O-O
O-O 9. Nf2 Rb8 10. g4 Nd4 11. Ne2 b5 12. Ng3 b4 13. g5 f5 14. gxf6 Bxf6 15.
Ng4 Bg7 16. Ne3 Bd7 17. Qg4 Nec6 18. Rf2 Qe8 19. Bd2 d5 20. Raf1 h5 21. Qg5
Bf6 22. Qh6 Bg7 23. Qg5 1/2-1/2

[Event "41 Abierto de Mar del Plata"]
[Site "Mar del Plata, ARG"]
[Date "2010.03.28"]
[Round "2.30"]
[White "Mavrich, Leandro Nicolas"]
[Black "Yanigro, Micaela"]
[Result "1-0"]
[WhiteElo "2187"]
[BlackElo "1923"]

1. Nf3 d5 2. g3 c5 3. Bg2 Nc6 4. d4 e6 5. O-O Nf6 6. c4 Bd6 7. Nc3 h6 8. cxd5
exd5 9. dxc5 Bxc5 10. b3 O-O 11. Bb2 Be6 12. Nb5 Ne4 13. Nbd4 Rc8 14. Rc1
Bb6 15. Nxc6 Rxc6 16. Rxc6 bxc6 17. Nd4 Qf6 18. e3 c5 19. Nxe6 Qxe6 20. Qd3 Qf5
21. Bxe4 Qxe4 22. Qxe4 dxe4 23. Rc1 Rd8 24. Bc3 f5 25. Kf1 Kf7 26. Ke2 g6
27. Bb2 Ba5 28. Rc2 Rd5 29. Ba3 Bb4 30. Bxb4 cxb4 31. Rc7+ Ke6 32. Rxa7 Rc5 33.
Ra4 Rc2+ 34. Kf1 Kf6 35. Rxb4 Rxa2 36. h4 g5 37. Rb6+ Kg7 38. h5 Ra1+ 39.
Kg2 Ra2 40. Rb4 Kf6 41. g4 f4 42. Rxe4 fxe3 43. Rxe3 Rb2 44. Kf3 Kf7 45. Ke4
Kg7 46. f3 Kf6 47. Kd4 Rb1 48. Kc5 1-0

[Event "41 Abierto de Mar del Plata"]
[Site "Mar del Plata, ARG"]
[Date "2010.03.28"]
[Round "3.01"]
[White "Flores, Diego"]
[Black "Jimenez, Joaquin"]
[Result "1-0"]
[WhiteElo "2580"]
[BlackElo "2227"]

1. c4 Nf6 2. Nc3 g6 3. g3 Bg7 4. Bg2 O-O 5. e4 d6 6. Nge2 e5 7. O-O Nbd7 8.
d3 c6 9. h3 a5 10. Be3 Nc5 11. a3 Nfd7 12. b4 Ne6 13. f4 f5 14. exf5 gxf5 15.
Qd2 Nd4 16. Rab1 Nxe2+ 17. Nxe2 Nf6 18. b5 e4 19. bxc6 bxc6 20. Rfd1 Be6 21.
dxe4 fxe4 22. Nd4 Bd7 23. g4 Qe8 24. f5 Rf7 25. Ne2 Bf8 26. Ng3 d5 27. g5 Bd6
28. Nf1 Nh5 29. cxd5 Bxf5 30. dxc6 Bxa3 31. Rb7 Bb4 32. Qd5 Rc8 33. c7 Ng7
34. Ng3 Be6 35. Qd8 Rfxc7 36. Qxc7 Rxc7 37. Rxc7 Qb8 38. Bf4 Qb6+ 39. Kh2 e3
40. Rd8+ Bf8 41. Ne4 Nh5 42. Bd6 Qxd6+ 43. Nxd6 e2 44. Nf5 1-0

[Event "41 Abierto de Mar del Plata"]
[Site "Mar del Plata, ARG"]
[Date "2010.03.28"]
[Round "3.02"]
[White "Dimuro, Matias"]
[Black "Rodriguez Vila, Andres"]
[Result "0-1"]
[WhiteElo "2250"]
[BlackElo "2504"]

1. e4 e5 2. Nf3 Nc6 3. Bb5 a6 4. Ba4 Nf6 5. O-O b5 6. Bb3 Bc5 7. d3 d6 8. h3
Na5 9. Re1 O-O 10. Nc3 Nxb3 11. axb3 b4 12. Ne2 Re8 13. Ng3 h6 14. Be3 Bxe3
15. Rxe3 c5 16. Qe2 g6 17. Nd2 h5 18. Qf1 d5 19. f4 dxe4 20. fxe5 Qd4 21. Qf2
exd3 22. Rxd3 Qxf2+ 23. Kxf2 Rxe5 24. Nc4 Re6 25. Rd8+ Kg7 26. Rad1 h4 27.
Ne2 Bb7 28. Rxa8 Bxa8 29. Nf4 Ne4+ 30. Kg1 Rf6 31. Nd5 Rf2 32. Nd6 Re2 33. Nxe4
Rxe4 34. Kf2 Bc6 35. c3 a5 36. Ne3 Rf4+ 37. Ke2 bxc3 38. bxc3 a4 39. bxa4
Rxa4 40. Rd2 f5 41. Nd5 Rc4 42. Ne7 Re4+ 0-1

[Event "41 Abierto de Mar del Plata"]
[Site "Mar del Plata, ARG"]
[Date "2010.03.28"]
[Round "3.03"]
[White "Slipak, Sergio"]
[Black "Altamirano, Benjamin"]
[Result "1/2-1/2"]
[WhiteElo "2448"]
[BlackElo "2221"]

1. d4 Nf6 2. Nf3 g6 3. c4 c5 4. Nc3 cxd4 5. Nxd4 Nc6 6. e4 Nxd4 7. Qxd4 d6 8.
Be2 Bg7 9. O-O O-O 10. Qe3 Be6 11. Bd2 Ng4 12. Bxg4 Bxg4 13. Nd5 Be6 14. Bc3
Bxd5 15. Bxg7 Kxg7 16. exd5 Re8 17. Rfd1 e5 18. dxe6 Rxe6 19. Qd4+ Qf6 20.
Qxf6+ Kxf6 21. Rd2 Rc8 22. b3 Rc5 23. Kf1 Ke7 24. g3 a6 25. a4 Kd7 26. Rd4 a5
27. Rdd1 b6 28. h4 Rf5 29. Rd4 1/2-1/2

[Event "41 Abierto de Mar del Plata"]
[Site "Mar del Plata, ARG"]
[Date "2010.03.28"]
[Round "3.04"]
[White "Tobares, Leandro Oscar"]
[Black "Perez Ponsa, Federico"]
[Result "0-1"]
[WhiteElo "2219"]
[BlackElo "2440"]

1. d4 Nf6 2. c4 g6 3. Nc3 Bg7 4. e4 d6 5. Nf3 O-O 6. Be2 e5 7. Be3 Na6 8. d5
Ng4 9. Bg5 f6 10. Bh4 c5 11. Nd2 Nh6 12. g4 Nf7 13. a3 Bh6 14. Rb1 Kg7 15. b4
Bd7 16. Bd3 Rh8 17. Bg3 Bf4 18. Be2 b6 19. Nf1 Qe7 20. Qd3 Rab8 21. h4 Nc7
22. bxc5 bxc5 23. Ne3 Rb6 24. O-O Rhb8 25. Ng2 Bh6 26. a4 Na6 27. Nb5 R6b7 28.
Qc3 Kg8 29. f4 exf4 30. Nxf4 Nc7 31. Rbe1 a6 32. Nxc7 Rb3 33. Qc2 Rxg3+ 34.
Kh2 Rbb3 35. Nd3 Qe5 36. Bf3 Rxd3 0-1